000 00698nam a22002297i 4500
001 533
003 OSt
005 20170825133349.0
007 tu
008 161220s1991 xxu|||||||||||00||0|eng|d
024 7 _a532
_2RID
040 _cOSt
084 _a11.353
_2z
245 0 0 _aPrivate Market Financing for Developing Countries
260 _aWashington,
_c1991.
300 _a79 S. ;
_c30cm.
490 _aWorld Economic and Financial Surveys
651 _aDeveloping countries
710 2 _aInternational Monetary Fund (IMF)
_eEd.
942 _cB
999 _c526
_d526